[Event "PRO League Stage"]
[Site "Chess.com INT"]
[Date "2018.02.14"]
[Round "6"]
[White "Ravuri, Vinesh"]
[Black "Xiao, Junyuan"]
[Result "0-1"]
[WhiteElo "1990"]
[BlackElo "2077"]
[PlyCount "54"]
[EventDate "2018.01.18"]
[EventType "team-swiss (rapid)"]
[EventRounds "9"]
[EventCountry "USA"]
[SourceTitle "CBM 182 Extra"]
[Source "ChessBase"]
[SourceDate "2018.02.23"]
[SourceVersion "1"]
[SourceVersionDate "2018.02.23"]
[SourceQuality "1"]
[WhiteTeam "San Jose Hackers"]
[BlackTeam "Chengdu Pandas"]
[WhiteTeamCountry "USA"]
[BlackTeamCountry "CHN"]

1. d4 Nf6 2. c4 c5 3. d5 b5 4. cxb5 a6 5. bxa6 Bxa6 6. Nc3 g6 7. e4 Bxf1 8. Kxf1 d6 9. g3 Bg7 10. Nf3 Nbd7 11. Kg2 0-0 12. a4 Ra6 13. Ra3 Qa8 14. h3 Ne8 15. Nb5 Nb6 16. b3 f5 17. exf5 Rxf5 18. Qe2 Nxd5 19. Rd1 Nec7 20. Nxc7 Nxc7 21. Rd3 e5 22. Rd1 Ne6 23. g4 Rf8 24. Kg3 e4 25. Ng5 Be5+ 26. Kg2 e3+ 27. Kg1 exf2+ 0-1

[Event "Danzhou Hainan op 1st"]
[Site "Danzhou"]
[Date "2016.12.13"]
[Round "6"]
[White "Xiao, Junyuan"]
[Black "Song, Yuxin"]
[Result "0-1"]
[WhiteElo "2107"]
[BlackElo "1765"]
[PlyCount "64"]
[EventDate "2016.12.07"]
[EventType "swiss"]
[EventRounds "9"]
[EventCountry "CHN"]
[SourceTitle "CBM 176 Extra"]
[Source "ChessBase"]
[SourceDate "2017.03.02"]
[SourceVersion "1"]
[SourceVersionDate "2017.03.02"]
[SourceQuality "1"]

1. Nf3 Nf6 2. c4 e6 3. e3 b6 4. d4 Bb4+ 5. Nbd2 Bb7 6. Bd3 0-0 7. 0-0 d5 8. b3 Nbd7 9. Bb2 Bd6 10. Qc2 Rc8 11. Rac1 c5 12. Qb1 Qe7 13. Rfd1 h6 14. cxd5 Nxd5 15. Ne4 cxd4 16. Nxd6 Qxd6 17. Bxd4 Rxc1 18. Qxc1 Rc8 19. Qb1 Qe7 20. Bb5 N5f6 21. Rc1 Rxc1+ 22. Qxc1 e5 23. Bb2 Qd6 24. Be2 Bxf3 25. Qc8+ Nf8 26. Bxf3 e4 27. Bxf6 exf3 28. gxf3 Qxf6 29. Qb7 Qa1+ 30. Kg2 Qxa2 31. Qd5 Qa5 32. Qa8 Qb4 0-1

[Event "Danzhou Hainan op 1st"]
[Site "Danzhou"]
[Date "2016.12.07"]
[Round "1"]
[White "Tsydypov, Zhamsaran"]
[Black "Xiao, Junyuan"]
[Result "1-0"]
[WhiteElo "2460"]
[BlackElo "2107"]
[PlyCount "61"]
[EventDate "2016.12.07"]
[EventType "swiss"]
[EventRounds "9"]
[EventCountry "CHN"]
[SourceTitle "CBM 176 Extra"]
[Source "ChessBase"]
[SourceDate "2017.03.02"]
[SourceVersion "1"]
[SourceVersionDate "2017.03.02"]
[SourceQuality "1"]

1. e4 c5 2. Nf3 Nc6 3. Bb5 e6 4. 0-0 Qb6 5. Bxc6 bxc6 6. b3 d5 7. Re1 Nf6 8. e5 Nd7 9. c4 d4 10. d3 Be7 11. Bg5 Nxe5 12. Rxe5 f6 13. Re1 fxg5 14. Nxg5 0-0 15. Nxe6 Rf7 16. Nd2 h6 17. Qh5 Bd7 18. Re2 Qb4 19. Nf3 Bd6 20. Rae1 Re7 21. Nc7 Rxe2 22. Rxe2 Rf8 23. Nd5 Qb8 24. Ne7+ Bxe7 25. Rxe7 Bf5 26. Ne5 Kh7 27. f4 Qb4 28. Nf7 Bxd3 29. Nxh6 Be2 30. Rxe2 Qc3 31. Nf5+ 1-0

[Event "Shijiazhuang op 2nd"]
[Site "Shijiazhuang"]
[Date "2016.08.17"]
[Round "9"]
[White "Xiao, Junyuan"]
[Black "Ma, Ling"]
[Result "1-0"]
[WhiteElo "2069"]
[BlackElo "1986"]
[PlyCount "43"]
[EventDate "2016.08.09"]
[EventType "swiss"]
[EventRounds "9"]
[EventCountry "CHN"]
[SourceTitle "CBM 173 Extra"]
[Source "ChessBase"]
[SourceDate "2016.08.29"]
[SourceVersion "1"]
[SourceVersionDate "2016.08.29"]
[SourceQuality "1"]

1. Nf3 Nf6 2. d4 e6 3. Bf4 c5 4. c3 Nc6 5. e3 b6 6. Nbd2 d6 7. Bb5 Bb7 8. dxc5 bxc5 9. Nc4 Nd5 10. Bg3 a6 11. Ba4 f5 12. Qb3 Rb8 13. Ng5 Nc7 14. Qxb7 Rxb7 15. Bxc6+ Ke7 16. Nxd6 Nd5 17. Ngf7 Qb6 18. Bh4+ Nf6 19. Bxb7 Qxb2 20. 0-0 Rg8 21. Rad1 Qxc3 22. Ng5 1-0

[Event "CHN-chB"]
[Site "Harbin"]
[Date "2016.07.18"]
[Round "4"]
[White "Wang, Yiye"]
[Black "Xiao, Junyuan"]
[Result "1/2-1/2"]
[WhiteElo "2450"]
[BlackElo "2023"]
[PlyCount "88"]
[EventDate "2016.07.17"]
[EventType "swiss"]
[EventRounds "11"]
[EventCountry "CHN"]
[SourceTitle "CBM 173 Extra"]
[Source "ChessBase"]
[SourceDate "2016.08.29"]
[SourceVersion "1"]
[SourceVersionDate "2016.08.29"]
[SourceQuality "1"]

1. d4 Nf6 2. Bf4 e6 3. e3 d5 4. Nf3 Bd6 5. Bg3 a6 6. Nbd2 Bxg3 7. hxg3 Nbd7 8. c4 dxc4 9. Nxc4 0-0 10. Qc2 c5 11. g4 b5 12. Ncd2 cxd4 13. Nxd4 g6 14. Nc6 Qb6 15. g5 Bb7 16. Ne7+ Kg7 17. gxf6+ Kxf6 18. Rxh7 Kxe7 19. Qxg6 Nf6 20. Rg7 Rad8 21. Qc2 Rc8 22. Qb3 Qa5 23. Bd3 Rfd8 24. Ke2 Bd5 25. Qa3+ Qxa3 26. bxa3 Rc3 27. Bg6 e5 28. Bf5 Be6 29. Bxe6 Kxe6 30. Nb3 Rc2+ 31. Kf1 a5 32. Nxa5 Rdd2 33. Kg1 Rxa2 34. Rb1 Rxa3 35. Rxb5 Nd5 36. Nc4 Ra1+ 37. Kh2 Rxf2 38. e4 Nc3 39. Rxe5+ Kf6 40. Rh7 Raa2 41. Rf5+ Rxf5 42. exf5 Ne4 43. Ne3 Re2 44. Nd5+ Kxf5 1/2-1/2

[Event "CHN-chTB"]
[Site "Harbin"]
[Date "2016.07.13"]
[Round "6.4"]
[White "Xi, Qi"]
[Black "Xiao, Junyuan"]
[Result "1-0"]
[WhiteElo "1901"]
[BlackElo "2023"]
[PlyCount "113"]
[EventDate "2016.07.11"]
[EventType "team-swiss"]
[EventRounds "11"]
[EventCountry "CHN"]
[SourceTitle "CBM 173 Extra"]
[Source "ChessBase"]
[SourceDate "2016.08.29"]
[SourceVersion "1"]
[SourceVersionDate "2016.08.29"]
[SourceQuality "1"]
[WhiteTeam "Taiyuan Huxiaoling"]
[BlackTeam "Chongqing Qilin"]
[WhiteTeamCountry "CHN"]
[BlackTeamCountry "CHN"]

1. d4 Nf6 2. c4 c5 3. Nf3 cxd4 4. Nxd4 Nc6 5. g3 Qb6 6. e3 e5 7. Nb5 Bb4+ 8. N5c3 d6 9. a3 Bg4 10. f3 Bxc3+ 11. Nxc3 Be6 12. b4 e4 13. fxe4 Ne5 14. Qa4+ Qc6 15. c5 0-0 16. Qxc6 bxc6 17. cxd6 Rfd8 18. Be2 Rxd6 19. 0-0 Bc4 20. Rf5 Re8 21. Rxe5 Rxe5 22. Bxc4 Nd7 23. Kf2 g5 24. h3 Nb6 25. Be2 Rh6 26. Kg2 Rd6 27. Ra2 Re8 28. a4 Nd7 29. Ba3 f5 30. b5 c5 31. Bc4+ Kg7 32. Bd5 fxe4 33. Bxe4 Re5 34. Re2 Nb6 35. Bc2 Nc4 36. Bc1 Rd7 37. Nd1 Ree7 38. e4 h6 39. Ne3 Nd6 40. Bb2+ Kf8 41. e5 Nc8 42. Nf5 Re6 43. Bb3 Rg6 44. e6 Rc7 45. Be5 Rh7 46. Rc2 Ke8 47. Rxc5 Kd8 48. a5 g4 49. h4 h5 50. Bf4 Ne7 51. Bg5 Rxg5 52. hxg5 Ng6 53. b6 axb6 54. axb6 Rb7 55. Rb5 h4 56. gxh4 Kc8 57. Nd6+ 1-0

[Event "CHN-chTB"]
[Site "Harbin"]
[Date "2016.07.11"]
[Round "2.4"]
[White "Xiao, Junyuan"]
[Black "Zhang, Yifan"]
[Result "1-0"]
[WhiteElo "2023"]
[BlackElo "1854"]
[PlyCount "64"]
[EventDate "2016.07.11"]
[EventType "team-swiss"]
[EventRounds "11"]
[EventCountry "CHN"]
[SourceTitle "CBM 173 Extra"]
[Source "ChessBase"]
[SourceDate "2016.08.29"]
[SourceVersion "1"]
[SourceVersionDate "2016.08.29"]
[SourceQuality "1"]
[WhiteTeam "Chongqing Qilin"]
[BlackTeam "Shenzhen Qiyuan"]
[WhiteTeamCountry "CHN"]
[BlackTeamCountry "CHN"]

1. e4 d6 2. d4 Nd7 3. Nf3 g6 4. e5 dxe5 5. dxe5 e6 6. h4 Bg7 7. Bf4 h6 8. Nc3 Ne7 9. Qd2 Nb6 10. Bd3 Bd7 11. Ne4 Ned5 12. 0-0-0 Nxf4 13. Qxf4 Nd5 14. Qg3 Qe7 15. Bc4 Nb6 16. Bb3 0-0-0 17. Nd4 Ba4 18. f4 Bxb3 19. Qxb3 Kb8 20. a4 a5 21. Nd6 Rxd6 22. exd6 Qxd6 23. Ne2 Qc6 24. g3 Nxa4 25. c3 Nc5 26. Qc2 Qb5 27. Kb1 a4 28. Nd4 Qb6 29. Qe2 a3 30. Qb5 Qxb5 31. Nxb5 axb2 32. Kxb2 Ne4 1-0